Statystyki dla Słowa na literę K

Kliknij tutaj aby rozwiązać quiz!

Ogólne statystyki

  • Ten quiz został rozwiązany 57 razy
  • Średni wynik to 28 z 126

Statystyki odpowiedzi

kOdpowiedź% Poprawnych
kkoń
69%
kkot
67%
kkoło
63%
kkura
58%
kkosz
54%
kkaczka
50%
kkara
46%
kkoc
46%
kkoza
46%
kkról
46%
kkarta
44%
kkogut
44%
kkawa
42%
kkok
42%
kkrew
42%
kkrok
42%
kkanapa
40%
kkasa
40%
kkosa
40%
kkret
40%
kkino
38%
kkrzak
38%
kkuc
38%
kkupa
38%
kkanapka
35%
kkit
35%
kkość
35%
kkrzyż
35%
kkreska
33%
kkrólowa
33%
kkropka
33%
kkubek
33%
kkomputer
31%
kkasza
29%
kkomoda
29%
kkoral
29%
kkropla
29%
kksiążka
29%
kkula
29%
kkuna
29%
kkangur
27%
kkomar
27%
kkostka
27%
kkabel
25%
kkaktus
25%
kkarma
25%
kklasa
25%
kkod
25%
kkruk
25%
kkuchnia
25%
kKalendarz
23%
kkaszel
23%
kkokarda
23%
kkolano
23%
kkomórka
23%
kkonto
23%
kkoperta
23%
kkurz
23%
kkask
21%
kkasztan
21%
kkisiel
21%
kkolor
21%
kkościół
21%
kkran
21%
kkaptur
19%
kkark
19%
kkiwi
19%
kkoala
19%
kkołdra
19%
kkompot
19%
kkoszt
19%
kksiaże
19%
kkakao
17%
kkarton
17%
kkatar
17%
kkontur
17%
kksiężniczka
17%
kkształt
17%
kkucyk
17%
kkurnik
17%
kkadr
15%
kkombinezon
15%
kkanał
13%
kkawiarnia
13%
kkibel
13%
kkiszka
13%
kkolorowanka
13%
kkomunia
13%
kkoszykówka
13%
kkryształ
13%
kksięgarnia
13%
kkufel
13%
kkuweta
13%
kkompromis
10%
kkoparka
10%
kkorekta
10%
kkrokus
10%
kkabaret
8%
kkałamarnica
8%
kkłamstwo
8%
kklasówka
8%
kkonferencja
8%
kkonsola
8%
kkorektor
8%
kkrólestwo
8%
kkultura
8%
kkabaretki
6%
kkłamca
6%
kkofeina
6%
kkompost
6%
kkopyto
6%
kkrasnal
6%
kkrewetka
6%
kksiężyc
6%
kkefir
4%
kkonkurs
4%
kkonturówka
4%
kkręgle
4%
kkruszonka
4%
kkundel
4%
kkalmar
2%
kkaloryfer
2%
kkanalizacja
2%
kkatering
2%
kkongres
2%
kkroplówka
2%

Rozkład punktacji

Percentyl według liczby udzielonych odpowiedzi

Procent ludzi z każdym wynikiem

Twoja historia wyników

Nie rozwiązałeś tego quizu